[Event "HUN-chT2 Erkel 1112"]
[Site "Hungary"]
[Date "2012.03.25"]
[Round "8.6"]
[White "Torok, Tamas Titusz"]
[Black "Gara, Gyorgy"]
[Result "1/2-1/2"]
[WhiteElo "2076"]
[BlackElo "2116"]
[PlyCount "61"]
[EventDate "2011.09.25"]
[EventType "team-tourn"]
[EventRounds "11"]
[EventCountry "HUN"]
[SourceTitle "EXT 2013"]
[Source "ChessBase"]
[SourceDate "2012.11.22"]
[SourceVersion "1"]
[SourceVersionDate "2012.11.22"]
[SourceQuality "1"]
[WhiteTeam "Pestszentlorinc"]
[BlackTeam "Matra"]
[WhiteTeamCountry "HUN"]
[BlackTeamCountry "HUN"]

1. e4 e6 2. c4 d5 3. cxd5 exd5 4. exd5 Nf6 5. Bb5+ Nbd7 6. Nc3 Be7 7. d4 0-0 8. Nf3 Nb6 9. 0-0 Bg4 10. h3 Bh5 11. g4 Bg6 12. Ne5 Nfxd5 13. f4 c6 14. Be2 f5 15. g5 Bd6 16. Bf3 Bxe5 17. dxe5 Bf7 18. Nxd5 Nxd5 19. Qd4 Qe7 20. Bxd5 Bxd5 21. Be3 Qf7 22. b3 Rfd8 23. Qb2 Qh5 24. Kh2 Be4 25. Rf2 Rd1 26. Rxd1 Qxd1 27. Qe2 Qh1+ 28. Kg3 Bd5 29. Rf1 Qe4 30. Rd1 Qb4 31. Rd4 1/2-1/2

[Event "HUN-chT2 Erkel 1011"]
[Site "Hungary"]
[Date "2010.11.07"]
[Round "5.4"]
[White "Juhasz, Bela"]
[Black "Gara, Gyorgy"]
[Result "0-1"]
[WhiteElo "2181"]
[BlackElo "2092"]
[PlyCount "84"]
[EventDate "2010.09.12"]
[EventType "team-tourn"]
[EventRounds "11"]
[EventCountry "HUN"]
[SourceTitle "EXT 2012"]
[Source "ChessBase"]
[SourceDate "2011.11.24"]
[SourceVersion "1"]
[SourceVersionDate "2011.11.24"]
[SourceQuality "1"]
[WhiteTeam "Ujszasz"]
[BlackTeam "Matra"]
[WhiteTeamCountry "HUN"]
[BlackTeamCountry "HUN"]

1. d4 e6 2. Nf3 f5 3. g3 Nf6 4. Bg2 Be7 5. 0-0 0-0 6. c4 d6 7. Nc3 Qe8 8. Re1 Ne4 9. Qc2 Nxc3 10. Qxc3 Bf6 11. e4 fxe4 12. Rxe4 Qh5 13. h4 c5 14. Bg5 cxd4 15. Nxd4 Bxg5 16. hxg5 e5 17. Nb5 Nc6 18. Nxd6 Bg4 19. Rae1 Nd4 20. R1e3 Rxf2 21. Kxf2 Qh2 22. Rxg4 Rf8+ 23. Rf3 Nxf3 24. Qxf3 Rxf3+ 25. Kxf3 Qg1 26. Rh4 Qd1+ 27. Kf2 Qxd6 28. Bd5+ Kf8 29. Rxh7 Qb6+ 30. Kf3 Qxb2 31. Rh8+ Ke7 32. Rb8 Qa3+ 33. Kg4 g6 34. Rxb7+ Kd6 35. Rg7 Qd3 36. Rf7 a5 37. Kh3 Kc5 38. Re7 Qf1+ 39. Kh4 Kd4 40. Re6 a4 41. Rf6 Qe2 42. a3 Qd2 0-1

[Event "HUN-chT2 Erkel 1011"]
[Site "Hungary"]
[Date "2010.10.10"]
[Round "3.3"]
[White "Gara, Gyorgy"]
[Black "Halak, Miklos"]
[Result "1-0"]
[WhiteElo "2092"]
[BlackElo "2109"]
[PlyCount "29"]
[EventDate "2010.09.12"]
[EventType "team-tourn"]
[EventRounds "11"]
[EventCountry "HUN"]
[SourceTitle "EXT 2012"]
[Source "ChessBase"]
[SourceDate "2011.11.24"]
[SourceVersion "1"]
[SourceVersionDate "2011.11.24"]
[SourceQuality "1"]
[WhiteTeam "Matra"]
[BlackTeam "Foti"]
[WhiteTeamCountry "HUN"]
[BlackTeamCountry "HUN"]

1. Nf3 Nf6 2. c4 d5 3. d4 c6 4. Nc3 dxc4 5. a4 Bf5 6. e3 e6 7. Bxc4 Bb4 8. 0-0 0-0 9. Qb3 a5 10. Na2 Na6 11. Bxa6 Rxa6 12. Nxb4 Rb6 13. Nxc6 Qc7 14. Ne7+ Kh8 15. Qa3 1-0

[Event "HUN-chT2 Maroczy 0910"]
[Site "Hungary"]
[Date "2010.05.02"]
[Round "11"]
[White "Gara, Gyorgy"]
[Black "Tesik, Csaba"]
[Result "0-1"]
[WhiteElo "2114"]
[BlackElo "2165"]
[PlyCount "82"]
[EventDate "2009.11.08"]
[EventType "team-tourn"]
[EventRounds "11"]
[EventCountry "HUN"]
[SourceTitle "EXT 2011"]
[Source "ChessBase"]
[SourceDate "2010.11.26"]
[SourceVersion "1"]
[SourceVersionDate "2010.11.26"]
[SourceQuality "1"]
[WhiteTeam "Matra"]
[BlackTeam "Maroczy"]
[WhiteTeamCountry "HUN"]
[BlackTeamCountry "HUN"]

1. d4 Nf6 2. Bg5 e6 3. e4 c5 4. e5 h6 5. Bc1 Nh7 6. d5 exd5 7. Qxd5 Nc6 8. Na3 d6 9. Bb5 dxe5 10. Qxe5+ Be6 11. Bxc6+ bxc6 12. Bf4 Nf6 13. Nf3 Be7 14. 0-0 0-0 15. c4 Qb6 16. h3 Nd7 17. Qe2 Bf6 18. b3 Bxa1 19. Rxa1 a5 20. Qe3 Rfe8 21. Re1 a4 22. Nb1 axb3 23. axb3 Nf6 24. Be5 Bf5 25. Qf4 Bxb1 26. Rxb1 Re6 27. g4 Nd7 28. Bc7 Qa7 29. Rd1 Rf6 30. Qh2 Rxf3 31. Rxd7 Qa1+ 32. Kg2 Qf6 33. Rd2 Rxb3 34. Bf4 Qc3 35. Be3 Qxc4 36. Qe5 Rd3 37. Rb2 Rc8 38. Qf5 Qd5+ 39. Qf3 c4 40. Rc2 Rb8 41. Kg3 Rb1 0-1

[Event "HUN-chT2 Maroczy 0910"]
[Site "Hungary"]
[Date "2010.03.21"]
[Round "8"]
[White "Torok, Sandor"]
[Black "Gara, Gyorgy"]
[Result "1-0"]
[WhiteElo "2276"]
[BlackElo "2114"]
[PlyCount "158"]
[EventDate "2009.11.08"]
[EventType "team-tourn"]
[EventRounds "11"]
[EventCountry "HUN"]
[SourceTitle "EXT 2011"]
[Source "ChessBase"]
[SourceDate "2010.11.26"]
[SourceVersion "1"]
[SourceVersionDate "2010.11.26"]
[SourceQuality "1"]
[WhiteTeam "Vasas"]
[BlackTeam "Matra"]
[WhiteTeamCountry "HUN"]
[BlackTeamCountry "HUN"]

1. e4 e6 2. d4 d5 3. Nd2 Nf6 4. e5 Nfd7 5. f4 c5 6. c3 Nc6 7. Ndf3 Qb6 8. h4 cxd4 9. cxd4 Bb4+ 10. Kf2 f6 11. Be3 0-0 12. Ne2 Qd8 13. Kg1 Nb6 14. a3 Be7 15. Nc3 f5 16. h5 a5 17. g4 Nc4 18. Bxc4 dxc4 19. gxf5 Rxf5 20. Qe2 Qf8 21. Qxc4 Rxf4 22. Bxf4 Qxf4 23. Rh3 Bd7 24. Re1 Rf8 25. Qd3 Qg4+ 26. Kh2 Bg5 27. Ne2 Ne7 28. Rg3 Bf4 29. Nxf4 Qxf4 30. Qd2 Bc6 31. Qxf4 Rxf4 32. Ng5 Bd5 33. Rc1 Nc6 34. b4 h6 35. b5 Nxd4 36. Rc8+ Rf8 37. Rxf8+ Kxf8 38. Rd3 Nxb5 39. Nh3 Be4 40. Re3 Bc2 41. Nf4 Ke7 42. Rg3 Kf7 43. Rf3 Be4 44. Re3 Bc6 45. Rd3 Nc7 46. Rd8 Ke7 47. Rd6 a4 48. Ng6+ Ke8 49. Kg3 Bd7 50. Rd1 Bb5 51. Rc1 Kd8 52. Nf8 Bc6 53. Kh4 Bd5 54. Rg1 Ne8 55. Rf1 b5 56. Rf7 Kc8 57. Nd7 Bc6 58. Nb6+ Kb8 59. Kg4 Nc7 60. Rxg7 b4 61. axb4 a3 62. Kh4 Nd5 63. Nxd5 Bxd5 64. Rg3 a2 65. Ra3 Kb7 66. Kg3 Kb6 67. Ra5 Bb3 68. Kf4 Kc6 69. Ke3 Bd5 70. Kd4 Bb3 71. Kc3 Bd5 72. Kb2 Bf3 73. Kxa2 Bxh5 74. Kb3 Bf3 75. Kc4 Be2+ 76. Kd4 h5 77. Ra2 Bf3 78. Ra6+ Kd7 79. b5 Kc7 1-0

[Event "Balatonlelle op 27th"]
[Site "Balatonlelle"]
[Date "2009.06.15"]
[Round "3"]
[White "Gara, Gyorgy"]
[Black "Koban, Balint"]
[Result "0-1"]
[WhiteElo "2120"]
[BlackElo "2227"]
[PlyCount "92"]
[EventDate "2009.06.13"]
[EventType "swiss"]
[EventRounds "9"]
[EventCountry "HUN"]
[SourceTitle "CBM 131 Extra"]
[Source "ChessBase"]
[SourceDate "2009.09.03"]
[SourceVersion "2"]
[SourceVersionDate "2009.09.16"]
[SourceQuality "1"]

1. d4 Nf6 2. Nd2 g6 3. Ngf3 Bg7 4. g3 c5 5. e3 0-0 6. Bg2 d6 7. 0-0 Nc6 8. dxc5 dxc5 9. c3 Qc7 10. Qa4 Rb8 11. Qc2 Rd8 12. Re1 b5 13. Nb3 c4 14. Nbd4 Bd7 15. e4 e5 16. Nxc6 Bxc6 17. Bg5 h6 18. Bxf6 Bxf6 19. Rad1 Rxd1 20. Rxd1 Rd8 21. Re1 Bg7 22. Re2 Rd6 23. Rd2 Qd8 24. Rxd6 Qxd6 25. Qd2 Qxd2 26. Nxd2 Kf8 27. Kf1 Ke7 28. Ke2 Kd6 29. b4 cxb3 30. axb3 a5 31. Kd3 Bf6 32. Nf1 Kc5 33. Ne3 Bd8 34. Ng4 f6 35. f3 h5 36. Ne3 b4 37. c4 a4 38. bxa4 Bxa4 39. Nf1 Ba5 40. Nd2 b3 41. Nb1 b2 42. Bh3 Kb4 43. Be6 Bb6 44. Bf7 Bc5 45. Bxg6 Kb3 46. f4 Ka2 0-1

[Event "HUN-chT2 Maroczy 0809"]
[Site "Hungary"]
[Date "2009.04.19"]
[Round "11"]
[White "Gara, Gyorgy"]
[Black "Mester, Gyula"]
[Result "0-1"]
[WhiteElo "2104"]
[BlackElo "2449"]
[PlyCount "106"]
[EventDate "2008.10.26"]
[EventType "team-tourn"]
[EventRounds "11"]
[EventCountry "HUN"]
[SourceTitle "EXT 2010"]
[Source "ChessBase"]
[SourceDate "2010.11.25"]
[SourceVersion "1"]
[SourceVersionDate "2010.11.25"]
[SourceQuality "1"]
[WhiteTeam "Matra"]
[BlackTeam "Munkacs"]
[WhiteTeamCountry "HUN"]
[BlackTeamCountry "HUN"]

1. d4 b6 2. Nd2 Bb7 3. Ngf3 e6 4. e3 f5 5. b3 Nf6 6. Bb2 Be7 7. c4 0-0 8. Qc2 Ne4 9. Bd3 d5 10. 0-0 Nd7 11. Rad1 Bd6 12. Ne5 Rf6 13. cxd5 exd5 14. f3 Nxd2 15. Rxd2 Qe7 16. f4 Raf8 17. Rdf2 Qe6 18. Rf3 Rh6 19. Rg3 g6 20. b4 a6 21. a3 Kh8 22. Qe2 b5 23. Nf3 Nf6 24. Ng5 Qe7 25. h3 Re8 26. Qc2 Rh5 27. Bc1 Ne4 28. Nxe4 fxe4 29. Be2 Rf5 30. Bd2 Rg8 31. Be1 g5 32. Bg4 Rf6 33. Be2 h6 34. fxg5 hxg5 35. Rxf6 Qxf6 36. Bg4 Rf8 37. Qe2 Qh6 38. h4 Bxg3 39. Bxg3 gxh4 40. Be5+ Kh7 41. Bxc7 Bc8 42. Bf4 Qg6 43. Bh5 Qf5 44. Qd1 Rg8 45. Kh2 Bd7 46. Be2 Qg6 47. Qf1 Rc8 48. Be5 Kg8 49. Bd1 h3 50. g3 Rc3 51. Qf4 Qf5 52. Qxf5 Bxf5 53. g4 Be6 0-1

[Event "HUN-chT2 Maroczy 0809"]
[Site "Hungary"]
[Date "2009.02.08"]
[Round "7"]
[White "Biro, David"]
[Black "Gara, Gyorgy"]
[Result "1-0"]
[WhiteElo "2192"]
[BlackElo "2104"]
[PlyCount "91"]
[EventDate "2008.10.26"]
[EventType "team-tourn"]
[EventRounds "11"]
[EventCountry "HUN"]
[SourceTitle "EXT 2010"]
[Source "ChessBase"]
[SourceDate "2010.11.25"]
[SourceVersion "1"]
[SourceVersionDate "2010.11.25"]
[SourceQuality "1"]
[WhiteTeam "Husi"]
[BlackTeam "Matra"]
[WhiteTeamCountry "HUN"]
[BlackTeamCountry "HUN"]

1. d4 e6 2. c4 f5 3. Nf3 Nf6 4. g3 Be7 5. Bg2 d6 6. 0-0 0-0 7. Nc3 Qe8 8. Re1 Qg6 9. e4 fxe4 10. Nxe4 Nxe4 11. Rxe4 Bf6 12. Re3 Nc6 13. b3 e5 14. Bb2 exd4 15. Nxd4 Bg4 16. Qd2 Rae8 17. Nxc6 Rxe3 18. Qxe3 bxc6 19. Bxf6 Qxf6 20. Re1 c5 21. Bd5+ Kh8 22. f3 Bd7 23. Qe7 c6 24. Qxf6 gxf6 25. Re7 cxd5 26. Rxd7 dxc4 27. bxc4 Rb8 28. Rxd6 Rb1+ 29. Kf2 Rb2+ 30. Ke3 Rxa2 31. Rxf6 Ra3+ 32. Ke4 Kg7 33. Rc6 a5 34. Rxc5 Ra2 35. h4 a4 36. Ra5 Kf6 37. Ra6+ Ke7 38. Kd5 h5 39. c5 Ra3 40. Ra7+ Kd8 41. Ke4 Ra1 42. Kf4 a3 43. g4 hxg4 44. fxg4 a2 45. Kg5 Ke8 46. c6 1-0

[Event "HUN-chT2 Maroczy 0809"]
[Site "Hungary"]
[Date "2009.01.25"]
[Round "6"]
[White "Gara, Gyorgy"]
[Black "Szabo, Zsolt Jozsef"]
[Result "0-1"]
[WhiteElo "2104"]
[BlackElo "2437"]
[PlyCount "117"]
[EventDate "2008.10.26"]
[EventType "team-tourn"]
[EventRounds "11"]
[EventCountry "HUN"]
[SourceTitle "EXT 2010"]
[Source "ChessBase"]
[SourceDate "2010.11.25"]
[SourceVersion "1"]
[SourceVersionDate "2010.11.25"]
[SourceQuality "1"]
[WhiteTeam "Matra"]
[BlackTeam "Vasas"]
[WhiteTeamCountry "HUN"]
[BlackTeamCountry "HUN"]

1. d4 e6 2. Nf3 c5 3. e3 Nf6 4. Nbd2 Be7 5. Bd3 Nc6 6. a3 0-0 7. 0-0 d6 8. c4 e5 9. d5 Nb8 10. Qc2 g6 11. Ne1 Nh5 12. f4 exf4 13. exf4 f5 14. Ndf3 Bf6 15. Rb1 Re8 16. g3 Nd7 17. Ng2 Nf8 18. Bd2 Bd7 19. Rbe1 h6 20. Nfh4 Ng7 21. Bc3 a6 22. b4 Rxe1 23. Rxe1 Rc8 24. Rc1 Bxc3 25. Qxc3 b5 26. Qb2 bxc4 27. Bxc4 cxb4 28. Qxb4 Bb5 29. Ne3 Nh5 30. Nhg2 Nf6 31. a4 Bxc4 32. Rxc4 Rb8 33. Qa3 Rb1+ 34. Rc1 Qb6 35. Rxb1 Qxb1+ 36. Nf1 Ne4 37. Nge3 Nd7 38. g4 fxg4 39. Nxg4 h5 40. Nf2 Nxf2 41. Kxf2 Nf6 42. Kg1 Qb6+ 43. Kh1 Qf2 44. Qd3 Kh7 45. f5 gxf5 46. Qxa6 Qf3+ 47. Kg1 Qxd5 48. Qa7+ Kg6 49. Qe3 Ne4 50. h4 Qe5 51. Kg2 f4 52. Qb3 Nf6 53. Qc2+ Kh6 54. Nh2 Ng4 55. Nxg4+ hxg4 56. Kf1 g3 57. Qd3 d5 58. Qe2 Qf6 59. Qg4 0-1

[Event "Heviz op"]
[Site "Heviz"]
[Date "2008.10.29"]
[Round "3"]
[White "Szurovszky, Elek"]
[Black "Gara, Gyorgy"]
[Result "1-0"]
[WhiteElo "2116"]
[BlackElo "2104"]
[PlyCount "73"]
[EventDate "2008.10.27"]
[EventType "swiss"]
[EventRounds "9"]
[EventCountry "HUN"]
[SourceTitle "EXT 2009"]
[Source "ChessBase"]
[SourceDate "2008.11.26"]
[SourceVersion "1"]
[SourceVersionDate "2008.11.26"]
[SourceQuality "1"]

1. c4 e6 2. Nc3 b6 3. Nf3 Bb7 4. g3 f5 5. Bg2 Nf6 6. d3 Bb4 7. Qb3 Qe7 8. a3 Bxc3+ 9. Qxc3 d6 10. b4 Nbd7 11. 0-0 0-0 12. Nd4 Bxg2 13. Kxg2 c5 14. Nc6 Qe8 15. b5 Qh5 16. Bb2 Rf7 17. f3 d5 18. Qd2 d4 19. Qf4 Ne8 20. h4 Qg6 21. e3 e5 22. Nxe5 Nxe5 23. Qxe5 f4 24. exf4 Nd6 25. h5 Qf6 26. Qxf6 Rxf6 27. Rae1 Kf7 28. Re5 Rd8 29. Rfe1 Rd7 30. Bc1 g6 31. h6 Nf5 32. g4 Ne7 33. f5 gxf5 34. Bg5 fxg4 35. fxg4 Ng8 36. Bxf6 Nxf6 37. Rg5 1-0